| 000 | 00480nam a2200193Ia 4500 | ||
|---|---|---|---|
| 003 | SISC | ||
| 005 | 20190128094512.0 | ||
| 008 | 190115s9999 xx 000 0 und d | ||
| 020 | _a9786071505965 | ||
| 100 | _aLoveday, Peter | ||
| 245 |
_cPeter Loveday _aTakeaway english 4: _baudio cd 2/ |
||
| 260 |
_aNY: _bMcGraw Hill _c2012 |
||
| 300 | _a2 CD | ||
| 500 | _aVCD | ||
| 650 | _aMother and daughter -- fiction | ||
| 650 | _aRomance | ||
| 942 |
_2lcc _cAVM |
||
| 999 |
_c360355 _d360355 |
||